LIBRARY & INFORMATION CENTRE, KCAET, TAVANUR

ONLINE PUBLIC ACCESS CATALOGUE (OPAC)

Parishudha Khoran parhibhasha, vol 1 / (Record no. 6123)

MARC details
000 -LEADER
fixed length control field 00417cam a2200157ua 4500
041 ## - LANGUAGE CODE
Language code of text/sound track or separate title mal
082 ## - DEWEY DECIMAL CLASSIFICATION NUMBER
Classification number 297.122
Item number MUH/PA
100 ## - MAIN ENTRY--AUTHOR NAME
Personal name Mohammed, Moulavi P Edassery .
245 ## - TITLE STATEMENT
Title Parishudha Khoran parhibhasha, vol 1 /
260 ## - PUBLICATION, DISTRIBUTION, ETC. (IMPRINT)
Place of publication :
Name of publisher A J Khaleel ,
Year of publication 1954.
300 ## - PHYSICAL DESCRIPTION
Number of Pages 245 ; .
942 ## - ADDED ENTRY ELEMENTS (KOHA)
Koha item type Books
Holdings
Withdrawn status Lost status Damaged status Home library Current library Date acquired Full call number Accession Number Koha item type
Withdrawn     KAUAET KAUAET 07/04/2012 297.122 12808 Books
Withdrawn     KAUAET Sanskrit University 07/04/2012 297.122 243 Books
free website counter